000 00440nam a2200181Ia 4500
001 10918
005 20260306161907.0
008 260306t1693||||xx |||||||||||||| ||spa||
041 _aESP
082 _a980.04
_bR81
100 _aRomero, Francisco, fray
_eAUT
245 0 _aLlanto sagrado de la América meridional
260 _c1693
300 _a97 páginas :
_c21cm.
650 _aGEN
654 _aCHU
942 _cLIB
_dJUS
_fJUS
_2ddc
_n
999 _c10918
_d10918